| 000 | 00455cam a2200181ua 4500 | ||
|---|---|---|---|
| 020 | _c6.25 | ||
| 041 |
_aeng _h |
||
| 082 |
_a636.0855 _bCHA/SI |
||
| 100 | _aChatterjee, B.N . | ||
| 245 |
_aSilage and hay making / _cB.N.Chatterjee. _hTextual Documents |
||
| 260 |
_a : _bIndian Council for Agricultural Research , _c1981. |
||
| 300 | _a58 ; . | ||
| 365 | _a6.25 | ||
| 504 | _a | ||
| 700 | 1 | _aMaliti, S . | |
| 942 | _cBK | ||
| 999 |
_c1641 _d1641 |
||